000 00590nam a2200229Ia 4500
003 OSt
005 20220928102118.0
006 a|||||r|||| 00| 0
007 ta
008 220927b |||||||| |||| 00| 0 hin d
024 _a61910
037 _cTextual
040 _aSDCL
_cSDCL
_bhin
041 _2hin
_ahin
082 _aQ1x, P6
100 _aDinesh Chand
_9396662
245 0 _aVed meemansa
_b Ek Parisheelan
260 _aNew Delhi
_bSatyam Publishing
_c2006
300 _a143p
_ccm.
942 _hQ1x, P6
_cTEXL
_2CC
999 _c712416
_d712416